| 000 | 01521nam a2200253Ia 4500 | ||
|---|---|---|---|
| 999 |
_c55536 _d55536 |
||
| 001 | 22618 | ||
| 003 | GE_BSU | ||
| 005 | 20191202160823.0 | ||
| 008 | 181216s2009||||ge |||||||||||||| ||geo|| | ||
| 020 | _aISSN 1987-5916 | ||
| 040 | _cGE_BSU | ||
| 041 | _ageo | ||
| 080 | _a378.4(479.223)(063)+94(479.223) ჩ-55 | ||
| 245 |
_aჩვენი სულიერების ბალავარი : _bსამეცნიერო კონფერენციის მასალები 22-24 აპრილი / _cსარედაქციო საბჭო: ბიჭიკო დიასამიძე (რედ.) მანუჩარ ლორია, მერაბ მეგრელიშვილი,მამია ფაღავა და სხვ. |
||
| 264 |
_aბათუმი : _bბათუმის შოთა რუსთაველის სახელმწ. უნ-ტის გამ-ბა, _c2009. |
||
| 300 |
_a200 გვ.; _b19 სმ. |
||
| 653 | _aგანათლება | ||
| 653 | _aკონფერენციის მასალები | ||
| 700 |
_aდიასამიძე, ბიჭიკო _eრედაქტორი _917 |
||
| 700 |
_aლორია, მანუჩარ _eრედაქტორი _92194 |
||
| 700 |
_aმეგრელიშვილი, მერაბ _eრედაქტორი _91818 |
||
| 700 |
_aფაღავა, მამია და სხვ. _eრედაქტორი _95674 |
||
| 942 |
_cBK _2udc |
||